| 000 | 01139nam0a22002651 4500 | ||
|---|---|---|---|
| 001 | rc\162140 | ||
| 005 | 20260407064108.0 | ||
| 035 | _a(NLR Aleph) 005427222 | ||
| 090 |
_a7538941 _c7538942 |
||
| 100 | _a20030307d1992 |||y0rusy50 ca | ||
| 101 | 0 | _arus | |
| 102 | _aRU | ||
| 105 | _aa ||||||||| | ||
| 200 | 1 |
_aИсследование реакций ядерного синтеза в зарядово-несимметричных мюонных молекулах _fВ.Б. Беляев, А. Бертин, В.М. Быстрицкий и др. |
|
| 210 |
_aДубна _cОИЯИ _d1992 |
||
| 215 |
_a15 с. _cсхем. _d22 |
||
| 225 | 1 |
_aСообщения Объединенного института ядерных исследований _vД15-92-323 |
|
| 320 | _aБиблиогр.: с. 14-15 (18 назв.) | ||
| 701 | 1 |
_7ca _8rus _aБеляев _bВ. Б. _cд-р физ.-мат. наук, ядерная физика _f1933-2015 _gВладимир Борисович _9123923 _3RU\NLR\AUTH\7714250 |
|
| 801 | 0 |
_aRU _bNLR _gpsbo |
|
| 801 | 1 |
_aRU _bELAR _2rusmarc |
|
| 852 |
_aNLR _j92-6/1075 |
||
| 942 | _cBOOK | ||
| 980 | _aNB | ||